Normal view
MARC view
- SHOAIB,MUZAMMIL,ALI
Entry Personal Name
001 - CONTROL NUMBER
- control field: 72024
003 - CONTROL NUMBER IDENTIFIER
- control field: NUST
005 - DATE AND TIME OF LATEST TRANSACTION
- control field: 20210628204729.0
008 - FIXED-LENGTH DATA ELEMENTS
- fixed length control field: 210628|| aca||aabn | a|a d
040 ## - CATALOGING SOURCE
- Original cataloging agency: NUST
- Transcribing agency: NUST
100 ## - HEADING--PERSONAL NAME
- Personal name: SHOAIB,MUZAMMIL,ALI
670 ## - SOURCE DATA FOUND
- Source citation: Work cat.: (NUST): SHOAIB,MUZAMMIL,ALI, PR-SOF-1266-DESIGN, DEVELOPMENT & PERFORMANCE EVALUATION OF MICRO HYDRO KAPLAN S-TURBINE, 2013
